[Event "DEM U10w 2025"]
[Site "Willingen GER"]
[Date "2025.06.13"]
[Round "8"]
[White "Winkler, Anni"]
[Black "Staudt, Merle"]
[Result "1/2-1/2"]
[Termination "normal"]
[Board "11"]
[WhiteElo "1659"]
[BlackElo "1569"]
[WhiteClock "00:46:32"]
[BlackClock "00:55:13"]
[PlyCount "45"]
[WhiteFideId "34622349"]
[BlackFideId "34631151"]
[EventCountry "GER"]
[EventRounds "9"]
[EventType "swiss"]
[EventDate "2025.06.07"]

1. e4 {[%clk 01:30:54]} {[%emt 00:00:05]} c5 {[%clk 01:30:55]} {[%emt
00:00:05]} 2. Nf3 {[%clk 01:31:00]} {[%emt 00:00:24]} e6 {[%clk 01:31:18]}
{[%emt 00:00:08]} 3. d4 {[%clk 01:30:26]} {[%emt 00:01:03]} cxd4 {[%clk
01:31:43]} {[%emt 00:00:06]} 4. Nxd4 {[%clk 01:30:21]} {[%emt 00:00:34]} a6
{[%clk 01:32:03]} {[%emt 00:00:11]} 5. Bd3 {[%clk 01:29:44]} {[%emt 00:01:06]}
Qc7 {[%clk 01:31:04]} {[%emt 00:01:29]} 6. O-O {[%clk 01:28:00]} {[%emt
00:02:14]} Nf6 {[%clk 01:30:33]} {[%emt 00:01:02]} 7. b3 {[%clk 01:27:15]}
{[%emt 00:01:15]} Nc6 {[%clk 01:29:02]} {[%emt 00:02:01]} 8. Nxc6 {[%clk
01:25:26]} {[%emt 00:02:19]} bxc6 {[%clk 01:28:58]} {[%emt 00:00:33]} 9. Bb2
{[%clk 01:25:28]} {[%emt 00:00:29]} Be7 {[%clk 01:28:32]} {[%emt 00:00:56]} 10.
Nd2 {[%clk 01:22:14]} {[%emt 00:03:40]} d5 {[%clk 01:25:27]} {[%emt 00:03:38]}
11. Kh1 {[%clk 01:17:35]} {[%emt 00:05:06]} O-O {[%clk 01:15:16]} {[%emt
00:10:44]} 12. e5 {[%clk 01:16:06]} {[%emt 00:01:57]} Nd7 {[%clk 01:15:17]}
{[%emt 00:00:31]} 13. f4 {[%clk 01:15:52]} {[%emt 00:00:42]} f6 {[%clk
01:13:43]} {[%emt 00:02:05]} 14. exf6 {[%clk 01:15:01]} {[%emt 00:01:21]} Bxf6
{[%clk 01:12:44]} {[%emt 00:01:29]} 15. Bxf6 {[%clk 01:14:22]} {[%emt
00:01:09]} Nxf6 {[%clk 01:13:02]} {[%emt 00:00:12]} 16. Qe2 {[%clk 01:13:26]}
{[%emt 00:01:24]} Re8 {[%clk 01:08:05]} {[%emt 00:05:29]} 17. Rae1 {[%clk
01:06:15]} {[%emt 00:07:39]} Kh8 {[%clk 00:59:55]} {[%emt 00:08:42]} 18. Qf2
{[%clk 00:55:50]} {[%emt 00:10:54]} e5 {[%clk 00:58:57]} {[%emt 00:01:29]} 19.
fxe5 {[%clk 00:51:26]} {[%emt 00:04:53]} Rxe5 {[%clk 00:58:43]} {[%emt
00:00:45]} 20. Rxe5 {[%clk 00:51:25]} {[%emt 00:00:31]} Qxe5 {[%clk 00:59:04]}
{[%emt 00:00:10]} 21. Re1 {[%clk 00:51:30]} {[%emt 00:00:23]} Qd6 {[%clk
00:58:24]} {[%emt 00:01:11]} 22. Nf3 {[%clk 00:49:20]} {[%emt 00:02:39]} Bd7
{[%clk 00:55:13]} {[%emt 00:03:42]} 23. Ng5 {[%clk 00:46:32]} {[%emt 00:03:17]}
1/2-1/2

[Event "DEM U10w 2025"]
[Site "Willingen GER"]
[Date "2025.06.13"]
[Round "8"]
[White "Reichel, Anneke"]
[Black "Hirtzel, Hanna Meiki"]
[Result "1-0"]
[Termination "normal"]
[Board "12"]
[WhiteElo "890"]
[BlackElo "984"]
[WhiteClock "00:55:53"]
[BlackClock "00:40:28"]
[PlyCount "95"]
[WhiteFideId "533043612"]
[BlackFideId "533040648"]
[EventCountry "GER"]
[EventRounds "9"]
[EventType "swiss"]
[EventDate "2025.06.07"]

1. e4 {[%clk 01:30:30]} {[%emt 14:26:29]} c6 {[%clk 01:30:54]} {[%emt
00:00:07]} 2. d4 {[%clk 01:31:26]} {[%emt 00:00:04]} d5 {[%clk 01:31:18]}
{[%emt 00:00:06]} 3. exd5 {[%clk 01:31:52]} {[%emt 00:00:04]} cxd5 {[%clk
01:31:43]} {[%emt 00:00:05]} 4. Bd3 {[%clk 01:32:19]} {[%emt 00:00:03]} e6
{[%clk 01:31:16]} {[%emt 00:00:57]} 5. Bf4 {[%clk 01:32:43]} {[%emt 00:00:05]}
Bd6 {[%clk 01:31:22]} {[%emt 00:00:24]} 6. Bxd6 {[%clk 01:32:32]} {[%emt
00:00:41]} Qxd6 {[%clk 01:31:44]} {[%emt 00:00:07]} 7. Nf3 {[%clk 01:32:58]}
{[%emt 00:00:05]} Qb4+ {[%clk 01:30:26]} {[%emt 00:01:43]} 8. Nbd2 {[%clk
01:33:03]} {[%emt 00:00:30]} Qxb2 {[%clk 01:30:20]} {[%emt 00:00:37]} 9. O-O
{[%clk 01:32:37]} {[%emt 00:00:55]} Nc6 {[%clk 01:29:56]} {[%emt 00:00:48]} 10.
Nb3 {[%clk 01:32:02]} {[%emt 00:01:12]} Qa3 {[%clk 01:28:37]} {[%emt 00:01:37]}
11. Re1 {[%clk 01:31:47]} {[%emt 00:00:55]} Nf6 {[%clk 01:27:54]} {[%emt
00:01:13]} 12. Qd2 {[%clk 01:28:17]} {[%emt 00:04:00]} O-O {[%clk 01:26:19]}
{[%emt 00:02:05]} 13. c3 {[%clk 01:25:36]} {[%emt 00:03:12]} Qd6 {[%clk
01:22:56]} {[%emt 00:03:40]} 14. h3 {[%clk 01:24:59]} {[%emt 00:01:18]} Re8
{[%clk 01:20:11]} {[%emt 00:03:06]} 15. Ne5 {[%clk 01:24:01]} {[%emt 00:01:37]}
Nd7 {[%clk 01:16:09]} {[%emt 00:04:27]} 16. Nxd7 {[%clk 01:22:54]} {[%emt
00:01:43]} Bxd7 {[%clk 01:16:23]} {[%emt 00:00:14]} 17. Re3 {[%clk 01:21:54]}
{[%emt 00:01:30]} e5 {[%clk 01:15:21]} {[%emt 00:01:32]} 18. Rg3 {[%clk
01:17:16]} {[%emt 00:05:09]} h6 {[%clk 01:12:55]} {[%emt 00:02:56]} 19. Nc5
{[%clk 01:16:06]} {[%emt 00:01:39]} Bc8 {[%clk 01:06:57]} {[%emt 00:06:13]} 20.
Re1 {[%clk 01:15:45]} {[%emt 00:01:01]} b6 {[%clk 01:05:29]} {[%emt 00:01:59]}
21. Nb3 {[%clk 01:15:38]} {[%emt 00:00:41]} Bb7 {[%clk 01:03:53]} {[%emt
00:01:58]} 22. Ree3 {[%clk 01:15:13]} {[%emt 00:01:04]} e4 {[%clk 01:03:00]}
{[%emt 00:01:22]} 23. Bb1 {[%clk 01:15:19]} {[%emt 00:00:24]} Re6 {[%clk
01:00:58]} {[%emt 00:02:16]} 24. Rg4 {[%clk 01:13:26]} {[%emt 00:02:39]} Rg6
{[%clk 00:59:28]} {[%emt 00:01:44]} 25. Rxg6 {[%clk 01:13:48]} {[%emt
00:00:26]} Qxg6 {[%clk 00:59:38]} {[%emt 00:00:19]} 26. Rg3 {[%clk 01:14:07]}
{[%emt 00:00:12]} Qd6 {[%clk 00:57:59]} {[%emt 00:01:54]} 27. Qe1 {[%clk
01:08:49]} {[%emt 00:05:45]} Re8 {[%clk 00:55:23]} {[%emt 00:03:08]} 28. Qe2
{[%clk 01:08:05]} {[%emt 00:01:15]} Re6 {[%clk 00:54:03]} {[%emt 00:01:47]} 29.
Re3 {[%clk 01:07:08]} {[%emt 00:01:44]} Ne7 {[%clk 00:51:46]} {[%emt 00:02:43]}
30. Qf1 {[%clk 01:03:43]} {[%emt 00:03:51]} Rg6 {[%clk 00:51:01]} {[%emt
00:01:19]} 31. Nd2 {[%clk 01:03:51]} {[%emt 00:00:26]} Nf5 {[%clk 00:49:49]}
{[%emt 00:01:37]} 32. Re2 {[%clk 01:03:32]} {[%emt 00:00:53]} Ba6 {[%clk
00:49:39]} {[%emt 00:00:31]} 33. c4 {[%clk 01:03:40]} {[%emt 00:00:30]} Nxd4
{[%clk 00:49:08]} {[%emt 00:01:02]} 34. Re1 {[%clk 01:02:48]} {[%emt 00:01:10]}
Bxc4 {[%clk 00:48:11]} {[%emt 00:01:41]} 35. Nxc4 {[%clk 01:02:54]} {[%emt
00:00:24]} dxc4 {[%clk 00:48:34]} {[%emt 00:00:07]} 36. Bxe4 {[%clk 01:00:03]}
{[%emt 00:03:20]} f5 {[%emt 00:02:13]} 37. Ba8 {[%clk 00:58:39]} {[%emt
00:00:58]} b5 {[%clk 00:46:55]} {[%emt 00:01:22]} 38. Rd1 {[%clk 00:57:10]}
{[%emt 00:01:42]} Qb8 {[%clk 00:46:03]} {[%emt 00:01:28]} 39. Bd5+ {[%clk
00:56:57]} {[%emt 00:00:45]} Kf8 {[%clk 00:45:42]} {[%emt 00:00:55]} 40. Rxd4
{[%clk 00:56:48]} {[%emt 00:00:43]} a5 {[%clk 00:44:11]} {[%emt 00:02:02]} 41.
Qd1 {[%clk 00:55:49]} {[%emt 00:01:28]} Qc7 {[%clk 00:42:52]} {[%emt 00:01:43]}
42. Qc2 {[%clk 00:55:51]} {[%emt 00:00:32]} Rf6 {[%clk 00:42:14]} {[%emt
00:00:57]} 43. Bf3 {[%clk 00:55:32]} {[%emt 00:00:55]} Ke8 {[%clk 00:41:26]}
{[%emt 00:01:20]} 44. Qe2+ {[%clk 00:55:51]} {[%emt 00:00:15]} Kf7 {[%clk
00:41:25]} {[%emt 00:00:25]} 45. Bd5+ {[%clk 00:56:04]} {[%emt 00:00:24]} Kf8
{[%clk 00:41:18]} {[%emt 00:00:35]} 46. Rd1 {[%clk 00:55:09]} {[%emt 00:01:30]}
c3 {[%clk 00:41:09]} {[%emt 00:00:39]} 47. Re1 {[%clk 00:55:33]} {[%emt
00:00:06]} Qb8 {[%clk 00:40:28]} {[%emt 00:00:45]} 48. Qe7# {[%clk 00:55:53]}
{[%emt 00:00:36]} 1-0

[Event "DEM U10w 2025"]
[Site "Willingen GER"]
[Date "2025.06.13"]
[Round "8"]
[White "Severin, Selina Jasmin"]
[Black "He, Siqi"]
[Result "1-0"]
[Termination "normal"]
[Board "13"]
[WhiteElo "1148"]
[BlackElo "952"]
[WhiteClock "00:44:02"]
[BlackClock "00:46:50"]
[PlyCount "117"]
[WhiteFideId "533043647"]
[BlackFideId "34682708"]
[EventCountry "GER"]
[EventRounds "9"]
[EventType "swiss"]
[EventDate "2025.06.07"]

1. Nf3 {[%clk 01:30:58]} {[%emt 00:00:01]} d5 {[%clk 01:30:53]} {[%emt
00:00:08]} 2. d4 {[%clk 01:31:23]} {[%emt 00:00:05]} Nf6 {[%clk 01:31:10]}
{[%emt 00:00:07]} 3. Bf4 {[%clk 01:31:33]} {[%emt 00:00:26]} e6 {[%clk
01:31:24]} {[%emt 00:00:16]} 4. c3 {[%clk 01:31:49]} {[%emt 00:00:14]} Be7
{[%clk 01:31:24]} {[%emt 00:00:30]} 5. e3 {[%clk 01:31:58]} {[%emt 00:00:20]}
O-O {[%clk 01:30:53]} {[%emt 00:01:02]} 6. Bd3 {[%clk 01:31:42]} {[%emt
00:00:45]} Nc6 {[%clk 01:29:49]} {[%emt 00:01:34]} 7. O-O {[%clk 01:31:25]}
{[%emt 00:00:47]} b6 {[%clk 01:25:43]} {[%emt 00:04:36]} 8. Nbd2 {[%clk
01:30:44]} {[%emt 00:01:11]} Bd6 {[%clk 01:22:43]} {[%emt 00:03:29]} 9. Bg5
{[%clk 01:30:33]} {[%emt 00:00:41]} e5 {[%clk 01:21:38]} {[%emt 00:02:09]} 10.
dxe5 {[%clk 01:29:46]} {[%emt 00:01:17]} Nxe5 {[%clk 01:21:43]} {[%emt
00:00:25]} 11. Nxe5 {[%clk 01:29:40]} {[%emt 00:00:36]} Bxe5 {[%clk 01:21:56]}
{[%emt 00:00:17]} 12. Nf3 {[%clk 01:30:01]} {[%emt 00:00:08]} Qd6 {[%clk
01:21:46]} {[%emt 00:00:40]} 13. Nxe5 {[%clk 01:28:43]} {[%emt 00:01:48]} Qxe5
{[%clk 01:22:09]} {[%emt 00:00:08]} 14. Bf4 {[%clk 01:29:01]} {[%emt 00:00:12]}
Qe7 {[%clk 01:21:38]} {[%emt 00:01:00]} 15. h3 {[%clk 01:27:51]} {[%emt
00:01:39]} Bb7 {[%clk 01:20:58]} {[%emt 00:01:10]} 16. Re1 {[%clk 01:24:25]}
{[%emt 00:03:56]} Rfd8 {[%clk 01:20:27]} {[%emt 00:01:02]} 17. Qc2 {[%clk
01:23:35]} {[%emt 00:01:20]} h6 {[%clk 01:20:08]} {[%emt 00:00:48]} 18. Rad1
{[%clk 01:21:57]} {[%emt 00:02:08]} Qd7 {[%clk 01:16:30]} {[%emt 00:04:08]} 19.
c4 {[%clk 01:14:14]} {[%emt 00:08:13]} Kf8 {[%clk 01:12:11]} {[%emt 00:04:48]}
20. cxd5 {[%clk 01:10:56]} {[%emt 00:03:50]} Qxd5 {[%clk 01:10:23]} {[%emt
00:02:18]} 21. Bf1 {[%clk 01:11:01]} {[%emt 00:00:24]} Qxa2 {[%clk 01:10:33]}
{[%emt 00:00:21]} 22. Rxd8+ {[%clk 01:11:04]} {[%emt 00:00:26]} Rxd8 {[%clk
01:10:54]} {[%emt 00:00:09]} 23. Qxc7 {[%clk 01:10:59]} {[%emt 00:00:35]} Rd7
{[%clk 01:10:49]} {[%emt 00:00:35]} 24. Qc1 {[%clk 01:00:55]} {[%emt 00:10:31]}
Nd5 {[%clk 01:05:15]} {[%emt 00:06:06]} 25. Rd1 {[%clk 00:57:28]} {[%emt
00:03:53]} Qa4 {[%clk 00:54:15]} {[%emt 00:11:32]} 26. Rd4 {[%clk 00:48:58]}
{[%emt 00:09:01]} Qc6 {[%clk 00:52:24]} {[%emt 00:02:22]} 27. Qxc6 {[%clk
00:48:40]} {[%emt 00:00:48]} Bxc6 {[%clk 00:52:47]} {[%emt 00:00:08]} 28. Bh2
{[%clk 00:48:41]} {[%emt 00:00:27]} Nf6 {[%clk 00:51:31]} {[%emt 00:01:28]} 29.
Rxd7 {[%emt 00:05:01]} Bxd7 {[%clk 00:51:43]} {[%emt 00:00:10]} 30. Bb8 {[%clk
00:44:44]} {[%emt 00:00:22]} a5 {[%clk 00:51:54]} {[%emt 00:00:18]} 31. Bc7
{[%clk 00:45:04]} {[%emt 00:00:11]} b5 {[%clk 00:52:19]} {[%emt 00:00:06]} 32.
Bxa5 {[%clk 00:45:23]} {[%emt 00:00:11]} Ne4 {[%clk 00:51:54]} {[%emt
00:00:54]} 33. Bd3 {[%clk 00:44:16]} {[%emt 00:01:35]} Nc5 {[%clk 00:51:59]}
{[%emt 00:00:26]} 34. Bb4 {[%clk 00:44:29]} {[%emt 00:00:17]} Ke8 {[%clk
00:49:38]} {[%emt 00:02:50]} 35. Bxc5 {[%clk 00:44:52]} {[%emt 00:00:09]} Kd8
{[%clk 00:49:05]} {[%emt 00:01:01]} 36. Bf8 {[%clk 00:44:19]} {[%emt 00:01:01]}
g5 {[%clk 00:47:57]} {[%emt 00:01:39]} 37. Bxh6 {[%clk 00:44:40]} {[%emt
00:00:10]} f6 {[%clk 00:48:20]} {[%emt 00:00:07]} 38. Bf8 {[%clk 00:44:56]}
{[%emt 00:00:14]} Ke8 {[%clk 00:47:50]} {[%emt 00:01:00]} 39. Bc5 {[%clk
00:45:13]} {[%emt 00:00:13]} Kf7 {[%clk 00:47:52]} {[%emt 00:00:27]} 40. Kh2
{[%emt 00:00:57]} f5 {[%clk 00:47:57]} 41. Kg3 {[%clk 00:45:18]} {[%emt
00:00:25]} Kf6 {[%clk 00:48:02]} {[%emt 00:00:25]} 42. Bd4+ {[%clk 00:43:39]}
{[%emt 00:02:10]} Ke6 {[%clk 00:48:08]} {[%emt 00:00:23]} 43. h4 {[%clk
00:43:15]} {[%emt 00:00:55]} gxh4+ {[%clk 00:47:54]} {[%emt 00:00:45]} 44. Kxh4
{[%clk 00:43:12]} {[%emt 00:00:33]} Bc6 {[%emt 00:01:29]} 45. g3 {[%clk
00:42:18]} {[%emt 00:01:19]} b4 {[%clk 00:46:03]} {[%emt 00:01:26]} 46. Bc5
{[%clk 00:42:12]} {[%emt 00:00:36]} b3 {[%clk 00:45:21]} {[%emt 00:01:13]} 47.
Kg5 {[%clk 00:42:02]} {[%emt 00:00:39]} Kd5 {[%clk 00:45:32]} {[%emt 00:00:21]}
48. Bd4 {[%clk 00:42:11]} {[%emt 00:00:19]} f4 {[%clk 00:45:11]} {[%emt
00:00:53]} 49. gxf4 {[%clk 00:42:28]} {[%emt 00:00:12]} Ke6 {[%clk 00:45:22]}
{[%emt 00:00:20]} 50. f5+ {[%clk 00:42:04]} {[%emt 00:00:52]} Kf7 {[%clk
00:45:29]} {[%emt 00:00:25]} 51. Bc4+ {[%clk 00:42:23]} {[%emt 00:00:10]} Kf8
{[%clk 00:45:51]} {[%emt 00:00:08]} 52. Bxb3 {[%clk 00:42:41]} {[%emt
00:00:12]} Ke7 {[%clk 00:45:58]} {[%emt 00:00:21]} 53. f6+ {[%clk 00:42:42]}
{[%emt 00:00:30]} Kf8 {[%clk 00:46:17]} {[%emt 00:00:12]} 54. Bc5+ {[%clk
00:42:58]} {[%emt 00:00:14]} Ke8 {[%clk 00:46:27]} {[%emt 00:00:20]} 55. f7+
{[%clk 00:43:21]} {[%emt 00:00:06]} Kd7 {[%clk 00:46:24]} {[%emt 00:00:33]} 56.
f8=Q {[%clk 00:43:40]} {[%emt 00:00:11]} Kc7 {[%clk 00:46:29]} {[%emt
00:00:21]} 57. Qe7+ {[%clk 00:43:41]} {[%emt 00:00:33]} Kb8 {[%clk 00:46:38]}
{[%emt 00:00:20]} 58. Bd6+ {[%clk 00:43:39]} {[%emt 00:00:33]} Kc8 {[%clk
00:46:50]} {[%emt 00:00:18]} 59. Qc7# {[%clk 00:44:02]} {[%emt 00:00:06]} 1-0

[Event "DEM U10w 2025"]
[Site "Willingen GER"]
[Date "2025.06.13"]
[Round "8"]
[White "Schmidt, Hannah"]
[Black "Andreeva, Katharina"]
[Result "0-1"]
[Termination "normal"]
[Board "14"]
[WhiteElo "1121"]
[BlackElo "1614"]
[WhiteClock "00:55:55"]
[BlackClock "00:19:17"]
[PlyCount "60"]
[WhiteFideId "533043639"]
[BlackFideId "533000905"]
[EventCountry "GER"]
[EventRounds "9"]
[EventType "swiss"]
[EventDate "2025.06.07"]

1. d4 {[%clk 01:30:59]} {[%emt 14:25:53]} Nf6 {[%clk 01:30:49]} {[%emt
00:00:10]} 2. Nf3 {[%clk 01:31:23]} {[%emt 00:00:06]} e6 {[%clk 01:30:58]}
{[%emt 00:00:21]} 3. g3 {[%clk 01:31:39]} {[%emt 00:00:14]} b6 {[%clk
01:30:19]} {[%emt 00:01:08]} 4. Bg2 {[%clk 01:31:58]} {[%emt 00:00:11]} Bb7
{[%clk 01:30:10]} {[%emt 00:00:40]} 5. O-O {[%clk 01:31:57]} {[%emt 00:00:30]}
Be7 {[%clk 01:29:53]} {[%emt 00:00:46]} 6. c4 {[%clk 01:31:50]} {[%emt
00:00:38]} c5 {[%clk 01:27:38]} {[%emt 00:02:43]} 7. e3 {[%clk 01:25:55]}
{[%emt 00:06:27]} O-O {[%clk 01:25:37]} {[%emt 00:02:30]} 8. Bd2 {[%clk
01:24:59]} {[%emt 00:01:26]} Ne4 {[%clk 01:18:36]} {[%emt 00:07:29]} 9. Nc3
{[%clk 01:24:16]} {[%emt 00:01:15]} Nxd2 {[%clk 01:16:47]} {[%emt 00:02:18]}
10. Nxd2 {[%clk 01:24:21]} {[%emt 00:00:26]} Bxg2 {[%clk 01:15:48]} {[%emt
00:01:29]} 11. Kxg2 {[%clk 01:24:39]} {[%emt 00:00:11]} d5 {[%clk 01:12:02]}
{[%emt 00:04:17]} 12. e4 {[%clk 01:21:53]} {[%emt 00:03:16]} cxd4 {[%clk
01:09:17]} {[%emt 00:03:16]} 13. Ne2 {[%clk 01:21:59]} {[%emt 00:00:24]} Nc6
{[%clk 01:02:45]} {[%emt 00:07:00]} 14. cxd5 {[%clk 01:21:37]} {[%emt
00:00:54]} exd5 {[%clk 01:01:32]} {[%emt 00:01:42]} 15. exd5 {[%clk 01:21:14]}
{[%emt 00:00:53]} Qxd5+ {[%clk 01:01:13]} {[%emt 00:00:49]} 16. f3 {[%clk
01:19:06]} {[%emt 00:02:38]} Rac8 {[%clk 00:52:56]} {[%emt 00:08:46]} 17. Nf4
{[%clk 01:16:54]} {[%emt 00:02:44]} Qd7 {[%clk 00:48:00]} {[%emt 00:05:21]} 18.
Nb3 {[%clk 01:12:43]} {[%emt 00:04:46]} Bf6 {[%clk 00:42:18]} {[%emt 00:06:10]}
19. a3 {[%clk 01:09:28]} {[%emt 00:03:47]} Rfe8 {[%clk 00:37:40]} {[%emt
00:05:06]} 20. Re1 {[%clk 01:08:19]} {[%emt 00:01:41]} Rxe1 {[%clk 00:35:54]}
{[%emt 00:02:15]} 21. Qxe1 {[%clk 01:08:33]} {[%emt 00:00:15]} d3 {[%clk
00:33:02]} {[%emt 00:03:22]} 22. Qd2 {[%clk 01:06:15]} {[%emt 00:02:48]} Ne5
{[%clk 00:31:13]} {[%emt 00:02:18]} 23. Nc1 {[%clk 01:03:27]} {[%emt 00:03:18]}
Rc2 {[%clk 00:30:20]} {[%emt 00:01:23]} 24. Qxc2 {[%clk 01:03:05]} {[%emt
00:00:51]} dxc2 {[%clk 00:30:36]} {[%emt 00:00:15]} 25. b4 {[%clk 01:01:31]}
{[%emt 00:02:05]} Nxf3 {[%clk 00:29:23]} {[%emt 00:01:43]} 26. Ra2 {[%clk
01:01:21]} {[%emt 00:00:40]} Nd4 {[%clk 00:27:24]} {[%emt 00:02:18]} 27. a4
{[%clk 01:00:37]} {[%emt 00:01:25]} Qc6+ {[%clk 00:25:15]} {[%emt 00:02:23]}
28. Kh3 {[%clk 01:00:41]} {[%emt 00:00:40]} Qf3 {[%clk 00:21:37]} {[%emt
00:04:07]} 29. a5 {[%clk 00:57:17]} {[%emt 00:04:00]} g5 {[%clk 00:19:44]}
{[%emt 00:02:22]} 30. Nh5 {[%clk 00:55:55]} {[%emt 00:01:52]} g4# {[%clk
00:19:17]} {[%emt 00:00:27]} 0-1

[Event "DEM U10w 2025"]
[Site "Willingen GER"]
[Date "2025.06.13"]
[Round "8"]
[White "Dimkova, Anna"]
[Black "Mudriievskaya, Esther"]
[Result "0-1"]
[Termination "normal"]
[Board "16"]
[WhiteElo "1037"]
[BlackElo "1505"]
[WhiteClock "00:28:26"]
[BlackClock "00:51:33"]
[PlyCount "51"]
[WhiteFideId "533043531"]
[BlackFideId "34676465"]
[EventCountry "GER"]
[EventRounds "9"]
[EventType "swiss"]
[EventDate "2025.06.07"]

1. e4 {[%clk 01:30:58]} c5 {[%clk 01:30:46]} {[%emt 00:00:15]} 2. Nc3 {[%clk
01:31:01]} {[%emt 00:00:27]} e6 {[%clk 01:30:42]} {[%emt 00:00:34]} 3. f4
{[%clk 01:30:38]} {[%emt 00:00:51]} a6 {[%clk 01:30:06]} {[%emt 00:01:07]} 4.
Nf3 {[%clk 01:29:03]} {[%emt 00:02:05]} Qc7 {[%clk 01:29:13]} {[%emt 00:01:24]}
5. d3 {[%clk 01:28:21]} {[%emt 00:01:12]} Nf6 {[%clk 01:28:34]} {[%emt
00:01:08]} 6. Be2 {[%clk 01:17:43]} {[%emt 00:11:08]} Nc6 {[%clk 01:26:50]}
{[%emt 00:02:11]} 7. O-O {[%clk 01:08:49]} {[%emt 00:09:27]} Be7 {[%clk
01:24:45]} {[%emt 00:02:35]} 8. Bd2 {[%clk 01:00:28]} {[%emt 00:08:51]} O-O
{[%clk 01:21:09]} {[%emt 00:04:05]} 9. Qe1 {[%clk 00:49:48]} {[%emt 00:11:11]}
b5 {[%clk 01:15:33]} {[%emt 00:06:05]} 10. a3 {[%clk 00:34:36]} {[%emt
00:15:43]} Bb7 {[%clk 01:09:33]} {[%emt 00:06:29]} 11. Qh4 {[%clk 00:30:14]}
{[%emt 00:04:47]} Nxe4 {[%clk 01:04:47]} {[%emt 00:05:21]} 12. Ng5 {[%clk
00:25:43]} {[%emt 00:05:01]} Bxg5 {[%clk 01:04:18]} {[%emt 00:00:59]} 13. fxg5
{[%clk 00:22:07]} {[%emt 00:04:05]} Nxd2 {[%clk 01:04:22]} {[%emt 00:00:27]}
14. Rf2 {[%clk 00:19:33]} {[%emt 00:03:02]} b4 {[%clk 01:02:53]} {[%emt
00:02:01]} 15. axb4 {[%clk 00:18:21]} {[%emt 00:01:36]} Nxb4 {[%clk 01:02:36]}
{[%emt 00:00:52]} 16. Bd1 {[%clk 00:12:46]} {[%emt 00:06:05]} Nb3 {[%clk
01:00:17]} {[%emt 00:02:49]} 17. cxb3 {[%clk 00:10:47]} {[%emt 00:02:27]} Nxd3
{[%clk 01:00:02]} {[%emt 00:00:47]} 18. Bc2 {[%clk 00:09:06]} {[%emt 00:02:11]}
Qd6 {[%clk 00:57:15]} {[%emt 00:03:17]} 19. Rd1 {[%clk 00:08:18]} {[%emt
00:01:20]} Qd4 {[%clk 00:56:30]} {[%emt 00:01:13]} 20. Qxd4 {[%clk 00:06:48]}
{[%emt 00:01:59]} cxd4 {[%clk 00:56:42]} {[%emt 00:00:19]} 21. Rxd3 {[%clk
00:05:20]} {[%emt 00:01:57]} dxc3 {[%clk 00:56:51]} {[%emt 00:00:23]} 22. bxc3
{[%clk 00:04:57]} {[%emt 00:00:49]} Rfd8 {[%clk 00:54:37]} {[%emt 00:02:48]}
23. Rh3 {[%clk 00:04:52]} {[%emt 00:00:34]} g6 {[%clk 00:53:40]} {[%emt
00:01:27]} 24. g4 {[%clk 00:02:17]} {[%emt 00:03:05]} Rac8 {[%clk 00:52:14]}
{[%emt 00:01:57]} 25. c4 {[%clk 00:00:32]} {[%emt 00:02:15]} Rc5 {[%clk
00:51:33]} {[%emt 00:01:07]} 26. Rc3 {[%clk 00:28:26]} {[%emt 00:02:40]} 0-1